Ensayo de un diccionario de artífices coloniales de la América Meridional. Apéndice

Salvato in:
Dettagli Bibliografici
Autore principale: Vargas Ugarte, S.J., Rubén (Autore)
Natura: Libro
Lingua:spagnolo
Pubblicazione: Buenos Aires Baiocco 1955
Edizione:1a. ed
Soggetti:
Tags: Aggiungi Tag
Nessun Tag, puoi essere il primo ad aggiungerne!!

MARC

LEADER 00000nam a2200000 a 4500
001 UCJ7270
003 CL-VaPUC
008 070124e19550000AG |||||||||||||||||spa|d
082 0 4 |a 703  |b VAR  |2 21 
100 0 |a Vargas Ugarte, S.J., Rubén  |e author  |9 515537 
245 1 0 |a Ensayo de un diccionario de artífices coloniales de la América Meridional. Apéndice 
250 |a 1a. ed 
300 |a 116 p 
942 |c BK 
945 |d 20070124 00:00:00  |a rinostro 
260 |a Buenos Aires  |b Baiocco  |c 1955 
650 0 |a Arquitectura colonial  |9 266240 
650 0 |a Arte colonial   |9 254857 
650 0 |a Artesanía  |9 353181 
650 7 |a DICCIONARIO  |2 CL-VaPUC  |9 515538 
583 |a last modification  |c 20070124 00:00:00  |k Rodrigo Vera 
999 |c 323366  |d 323364 
952 |0 0  |1 0  |4 0  |6 703_000000000000000_VAR_1955  |7 0  |8 X  |9 402886  |a FDOBUD  |b FDOBUD  |d 2019-11-22  |i 1060783  |o 703 VAR 1955  |p 1060783  |r 2019-11-22  |w 2019-11-22  |y BK_X  |k BUD